| 000 | 00761nam a2200205 a 4500 | ||
|---|---|---|---|
| 001 | 000014384 | ||
| 005 | 20200929163610.0 | ||
| 008 | 091211s2003 dr a 001 0 spa d | ||
| 040 |
_aDO-SdBNP _bspa _cBNPHU |
||
| 245 | 0 | 0 |
_aDiagnóstico del origen del municipio de Juan de Herrera : / _cRosa M. Ramírez, Margarita Alcantara, Francia Stephan, Venecia A. Ramírez. |
| 260 |
_aSan Juan la Maguana : _bLogos, _c2003. |
||
| 300 |
_a60 p. : _bil. ; _c21 cm. |
||
| 500 | _aIncluye datos biográficos de las autoras en la contracubierta | ||
| 504 | _aIncluye bibliografía [p. 64-67] | ||
| 700 | 1 |
_aRamírez, Rosa M. _932487 |
|
| 700 | 1 |
_aAlcantara, Margarita _932488 |
|
| 700 | 1 |
_aStephan, Francia _932489 |
|
| 700 | 1 |
_aRamírez, Venecia A. _932490 |
|
| 049 | _aBNPD | ||
| 999 |
_c13975 _d13975 |
||